| 000 | 00392nam a22001697a 4500 | ||
|---|---|---|---|
| 999 |
_c3119 _d3118 |
||
| 005 | 20211106104009.0 | ||
| 008 | 160618b xxu||||| |||| 00| 0 eng d | ||
| 020 | _a81-203-2241-X | ||
| 041 | _aeng | ||
| 082 | _b8165 | ||
| 100 |
_aRust, roland T and Kannan P.K. _92230 |
||
| 245 | _aE-sarvice behaviour | ||
| 260 |
_bPHI _c2003 |
||
| 300 | _a313 | ||
| 650 |
_aManagement _9241 |
||
| 942 | _cBK | ||